Songs by Picture Riddles #1 - Statistics

General Stats
  • This quiz has been taken 158 times
  • The average score is 7 of 16
Answer Stats
Picture Answer % Correct
Eye of the tiger - Survivor
88%
Ring of fire - Johnny Cash
88%
Cry me a river - Justin Timberlake
83%
Purple rain - Prince
82%
Rock around the clock - Bill Haley and His Comets
56%
Love Shack - The B-52’s
51%
Kiss from a rose - Seal
46%
Dani California - Red Hot Chilli Peppers
35%
Cats in the cradle - Harry Chapin
31%
Island in the sun - Weezer
21%
Truly madly deeply - Savage Garden
21%
Moondance - Van Morrison
19%
Money for nothing - Dire Straits
16%
Night fever - Bee Gees
15%
Kokomo - The Beach Boys
12%
Radioactive - Imagine Dragons
4%
No matching quizzes found
Score Distribution
Percent of People with Each Score
Percentile by Number Answered
Your Score History
You have not taken this quiz